000 00668cab a2200229 4500
001 WB2739-30
008 090401t1991 xxu||||| |||| 00| 0 eng d
035 _a(Sirsi) u8178
041 _aeng
245 _aBargains in a weak market
260 _c1991
350 _a0
490 _aFinancial Times
_v5 October 1991, 1(1)
520 _aAssesses investment opportunities in the US residential property market for institutional and private investors.
650 _aPRIVATE RENTED SECTOR
650 _aPROPERTY CRASH
650 _aRESIDENTIAL PROPERTY
_96266
650 _aUNITED STATES
690 _aOVERSEAS-NORTH AMERICA
942 _n0
948 _c04/03/1997
999 _c4997
_d4997